Problémové situace v kolektivu : [materiály pro výchovné poradce a metodiky prevence na ZŠ a SŠ / David Čáp et al.]
Record details
- ISBN: 978-80-87553-24-4 (brož.)
- Physical Description: 24, 22, 18, 4, 4 s. ; 30 cm
- Publisher: Praha : Raabe, c2011
Content descriptions
| Bibliography, etc. Note: | Obsahuje bibliografie |
| Formatted Contents Note: | Problémové chování / David Čáp -- Využití funkční analýzy chování u problémového chování studentů / Tomáš Mertin -- Samotářství, vyčlenění z kolektivu / Dana Žemberyová -- Koho bych přijal za-- / Viktor Brichta -- Vyberte si spolucestující / Viktor Brichta |
Search for related items by subject
| Subject: | výchovné poradenství problémoví žáci prevence (sociální problémy) |
| Genre: | metodické příručky |
Search for related items by series
Available copies
- 1 of 1 copy available at Common Catalog SPOK.
Holds
- 0 current holds with 1 total copy.
Show Only Available Copies
| Location | Call Number / Copy Notes | Barcode | Shelving Location | Status | Due Date |
|---|---|---|---|---|---|
| Jabok Library | Ped-4.4 | 424480034470 | Odborná literatura | Available | - |
| LDR | 01611nam a22003617a 4500 | ||
|---|---|---|---|
| 001 | 18140 | ||
| 003 | CZ-PrJAB | ||
| 005 | 20150326090801.0 | ||
| 007 | ta | ||
| 008 | 120112s2011 xr | |||| 0 cze d | ||
| 020 | . | ‡a978-80-87553-24-4 (brož.) | |
| 035 | . | ‡a(CZ PrSKC)000203876 | |
| 040 | . | ‡aABD005 ‡bcze ‡dCBD005 ‡eAACR2 ‡91 | |
| 072 | 7. | ‡a364 ‡xSociální problémy vyžadující podporu a pomoc. Sociální zabezpečení ‡2Konspekt ‡918 | |
| 080 | . | ‡a37.048 ‡2MRF | |
| 080 | . | ‡a373.3.011.3-052-056.49 ‡2MRF | |
| 080 | . | ‡a364-212 ‡2MRF | |
| 080 | . | ‡a(072) ‡2MRF | |
| 245 | 0 | 0. | ‡aProblémové situace v kolektivu : ‡b[materiály pro výchovné poradce a metodiky prevence na ZŠ a SŠ / ‡cDavid Čáp et al.] |
| 260 | . | ‡aPraha : ‡bRaabe, ‡cc2011 | |
| 300 | . | ‡a24, 22, 18, 4, 4 s. ; ‡c30 cm | |
| 490 | 1 | . | ‡aDobrá škola. Výchovné poradenství ; ‡v3 |
| 504 | . | ‡aObsahuje bibliografie | |
| 505 | 0 | 0. | ‡tProblémové chování / David Čáp -- ‡tVyužití funkční analýzy chování u problémového chování studentů / Tomáš Mertin -- ‡tSamotářství, vyčlenění z kolektivu / Dana Žemberyová -- ‡tKoho bych přijal za-- / Viktor Brichta -- ‡tVyberte si spolucestující / Viktor Brichta |
| 650 | 0 | 7. | ‡avýchovné poradenství ‡7ph127430 ‡2czenas |
| 650 | 0 | 7. | ‡aproblémoví žáci ‡7ph274386 ‡2czenas |
| 650 | 0 | 7. | ‡aprevence (sociální problémy) ‡7ph138923 ‡2czenas |
| 655 | 7. | ‡ametodické příručky ‡7fd132826 ‡2czenas | |
| 700 | 1 | . | ‡aČáp, David ‡7mzk2008458939 ‡4aut |
| 830 | 0. | ‡aDobrá škola. ‡pVýchovné poradenství ; ‡v3 | |
| 910 | . | ‡aABG312 | |
| 928 | 9 | . | ‡aNakladatelství Dr. Josef Raabe |
| 901 | . | ‡a18140 ‡b ‡c18140 ‡tbiblio | |